<?xml version="1.0" encoding="UTF-8"?>
<marc:record xmlns:marc="http://www.loc.gov/MARC21/slim">
   <marc:leader>00000nam a2200000 a 4500</marc:leader>
   <marc:datafield ind1="1" ind2=" " tag="100">
      <marc:subfield code="a">Hodgman, George</marc:subfield>
      <marc:subfield code="4">aut</marc:subfield>
      <marc:subfield code="e">Verfasser/-in</marc:subfield>
   </marc:datafield>
   <marc:datafield ind1="0" ind2="0" tag="245">
      <marc:subfield code="a">Bettyville</marc:subfield>
   </marc:datafield>
   <marc:datafield ind1="0" ind2="0" tag="245">
      <marc:subfield code="b">Roman</marc:subfield>
   </marc:datafield>
   <marc:datafield ind1="0" ind2="0" tag="245">
      <marc:subfield code="c">George Hodgman ; aus dem Amerikanischen von Conny Lösch</marc:subfield>
   </marc:datafield>
   <marc:datafield ind1=" " ind2="1" tag="264">
      <marc:subfield code="a">Berlin</marc:subfield>
      <marc:subfield code="b">List</marc:subfield>
      <marc:subfield code="c">2018</marc:subfield>
   </marc:datafield>
   <marc:datafield ind1="1" ind2=" " tag="520">
      <marc:subfield code="a">Angaben aus der Verlagsmeldung

Bettyville : Roman Bettyville / von George Hodgman

Eine Liebeserklärung eines Sohnes an seine Mutter: eine starke, mutige und verrückte Frau

Georges Mutter Betty ist wunderbar: stur, stolz und wild – und zunehmend dement. Früher ist sie mit ihm auf dem Beifahrersitz durch die Prärie gerast, heute tappt sie in dicken weißen Socken etwas verloren durch ihr Haus. Doch auch mit 91 Jahren hält Betty das Zepter fest in der Hand. Und eins ist sicher: Sie wird es ganz bestimmt nicht an ihren Sohn abgeben, der nach Missouri zurückgekehrt ist, um für sie da zu sein. Oder will George sie etwa ins Altenheim stecken? Beide fühlen sich ein wenig hilflos und versuchen, ihren Weg gemeinsam zu gehen. Dabei stoßen sie auf schöne Erinnerungen, stolpern aber auch über alte Konflikte.

</marc:subfield>
   </marc:datafield>
   <marc:datafield ind1=" " ind2=" " tag="020">
      <marc:subfield code="a">9783471351345</marc:subfield>
      <marc:subfield code="9">9783471351345</marc:subfield>
   </marc:datafield>
   <marc:datafield ind1=" " ind2=" " tag="020">
      <marc:subfield code="a">3471351345</marc:subfield>
      <marc:subfield code="9">3471351345</marc:subfield>
   </marc:datafield>
   <marc:datafield ind1=" " ind2=" " tag="041">
      <marc:subfield code="a">ger</marc:subfield>
   </marc:datafield>
   <marc:datafield ind1=" " ind2=" " tag="300">
      <marc:subfield code="a">351 Seiten</marc:subfield>
   </marc:datafield>
</marc:record>
